00944nam a22001337a 4500008004100000050001400041100002300055245010100078260005900179300002400238505049000262650003900752700001900791111220t xxu||||| |||| 00| 0 eng d aHC103.P43 aPerloff, Harvey S. aHow a region grows: area development in the U.S. economy /cHarvey S. Perloff and Vera W. Dodds. aNew York:bCommittee for Economic Development,cc1963. a147 p.bill.c26cm. aContents: Changing patterns of regional growth: A Look at the growth figures -- Factors behind the volume growth of regions -- Long-term changes in regional distribution of economic activity -- Growth of the states in recent years: 1939-1958 -- Recent shifts in employment among the states: 1939-1958 -- Changes in mining employment -- Changes in agriculture -- Changes in manufacturing employment -- Per capita income: Levels and rates of growth -- Approaches to regional development. aUnited States-Economic conditions. aDodds, Vera W.